| 000 | 00433nam a2200181Ia 4500 | ||
|---|---|---|---|
| 005 | 20221207151824.0 | ||
| 008 | 131103s9999 xx 000 0 und d | ||
| 040 | _aLoreto College | ||
| 041 | _aEnglish | ||
| 082 |
_a821.91 _bMOR |
||
| 100 | _aMoraes, Dom | ||
| 245 |
_aJohn nobody _cDom Moraes |
||
| 260 |
_alondon _bEyre & Spottiswoode _c1965c |
||
| 300 | _a52p. | ||
| 650 | _aEnglish poetry | ||
| 850 | _aLCLIB | ||
| 942 | _cBK | ||
| 999 |
_c21960 _d72439 |
||